000 00693 a2200241 4500
001 sjds
003 sjds
005 20250122095452.0
008 250122b |||||||| |||| 00| 0 spa d
020 _a9780780232501 (pbk.)
020 _a 078023250X (pbk.)
020 _a799070325006 (UPC)
040 _csjds
041 _aspa
100 _aNelson, JoAnne
245 _aSaludables /
_cpor JoAnne Nelson ; dibujos por Michael McKinnell.
260 _aBothell, WA :
_bWright Group,
_cc1995.
300 _a24 pages :
_c27 cm
_bcolor illustrations ; .
440 _a Primarily health.
500 _aTranslation of: Feeling fit, that's it!
700 _aMcKinnell, Michael
942 _cBK
999 _c21821
_d21821